Economists (and economics) in tech companies (Record no. 509836)

000 -LEADER
fixed length control field 00392nam a2200145 4500
008 - FIXED-LENGTH DATA ELEMENTS--GENERAL INFORMATION
fixed length control field 190617b ||||| |||| 00| 0 eng d
100 ## - MAIN ENTRY--PERSONAL NAME
Personal name Athey, Susan
245 ## - TITLE STATEMENT
Title Economists (and economics) in tech companies
260 ## - PUBLICATION, DISTRIBUTION, ETC. (IMPRINT)
Date of publication, distribution, etc 2019
300 ## - PHYSICAL DESCRIPTION
Extent p.209-230.
700 ## - ADDED ENTRY--PERSONAL NAME
Personal name Luca, Michael
9 (RLIN) 6309
773 ## - HOST ITEM ENTRY
Main entry heading Journal of Economic Perspectives
906 ## - LOCAL DATA ELEMENT F, LDF (RLIN)
Subject DIP Economists
942 ## - ADDED ENTRY ELEMENTS (KOHA)
Source of classification or shelving scheme
Item type Articles
Holdings
Withdrawn status Lost status Source of classification or shelving scheme Damaged status Not for loan Permanent location Current location Date acquired Serial Enumeration / chronology Barcode Date last seen Koha item type
          Indian Institute of Public Administration Indian Institute of Public Administration 2019-06-17 33(1), Winter, 2019: p.209-230. AR119902 2019-06-17 Articles

Powered by Koha